00834nam a2200205 i 4500003000900000005001700009007000300026008004100029020001800070040003000088082002200118110002700140240001800167245027800185264004900463300002500512336002700537337003300564338003100597DO-SdBNP20250314090610.0ta250314s1998 dr r 000 0 spa d a9789945877236 aDO-SdBNPbspacBNPHUerda axxxxbR426L, 2221 aRepública Dominicana10a[Leyes, etc.]10aLey No. 267-98, que crea un Tribunal superior de Tierras en cuatro departamentos con asiento en Santo Domingo, Santiago de los Caballeros, Santa Cruz de El Seibo y Azua de Compostela : b(modifica y amplia la Ley No. 15-42 de Registro de Tierra del 11 de octubre de 1947) / 1aSanto Domingo :bEdiciones Universo, c1998. a11 páginasc21 cm. atextobtxt2rdacontent asin mediaciónbn2rdamedia ardacarrierbnc2rdacarrier